000 00735nam a2200265Ia 4500
001 21044
005 20240114000541.0
007 ta
008 060301s1988 a g b000 u 465 u
040 _aCotton College,Assam
041 _a465
082 _a330.954
_bDe 49 De
100 _aDevasia, Leelamma .
245 0 _aDeveloping Rural India: the Cooperative Strategy /
_cLeelamma Devasia.
_hTextual Documents
250 _a1st ed. /
260 _aNagpur :
_bDattons Publishers & Distributors ,
_c1988.
300 _axii,124p. :
_bill ;
_c21cm .
504 _aBib.,Index
653 _aEconomics
653 _aG-Economics
653 _aIndian Economy
942 _2ddc
_cBK
999 _c21026
_d21026